Estrategia de la longevidad : (Record no. 104487)

MARC details
000 -CABECERA
campo de control de longitud fija 00748nam a2200229 a 4500
005 - FECHA Y HORA DE LA ÚLTIMA TRANSACCIÓN
campo de control 20251105063859.0
008 - ELEMENTOS DE LONGITUD FIJA--INFORMACIÓN GENERAL
campo de control de longitud fija 040302s1998 mx r 000 0 spa d
020 ## - NÚMERO INTERNACIONAL NORMALIZADO PARA LIBROS
Número Internacional Estándar del Libro 8472454266
035 ## - NÚMERO DE CONTROL DEL SISTEMA
Número de control de sistema UPN01000132332
049 ## - COLECCIÓN
Colección CG
050 #4 - SIGNATURA TOPOGRÁFICA DE LA BIBLIOTECA DEL CONGRESO
Número de clasificación RA776.75
Número de documento/Ítem M3.3
100 1# - ASIENTO PRINCIPAL--NOMBRE PERSONAL
Nombre de persona Mohoney, David
245 10 - MENCIÓN DE TÍTULO
Título Estrategia de la longevidad :
Resto del título cómo alcanzar la edad madura en plena forma /
Mención de responsabilidad, etc. David Mohoney y Richard Restak ; pról. de William Safire ; tr. Alicia Sánchez Millet.
260 ## - PUBLICACIÓN, DISTRIBUCIÓN, ETC.
Lugar de publicación, distribución, etc. Barcelona, [Esp.] :
Nombre del editor, distribuidor, etc. Kairós,
Fecha de publicación, distribución, etc. 1998.
300 ## - DESCRIPCIÓN FÍSICA
Extensión 262 p.
440 #0 - MENCIÓN DE SERIE/ASIENTO SECUNDARIO--TÍTULO
Título Autoayuda
534 ## - NOTA SOBRE LA VERSIÓN ORIGINAL
Frase introductoria Título original:
Mención de título del original The longevity strategy
650 #4 - ASIENTO SECUNDARIO DE MATERIA - TERMINO TEMATICO
Término de materia o nombre geográfico como elemento de entrada LONGEVIDAD
650 #2 - ASIENTO SECUNDARIO DE MATERIA - TERMINO TEMATICO
Término de materia o nombre geográfico como elemento de entrada Mente y cuerpo
9 (RLIN) 8110
700 1# - ASIENTO SECUNDARIO--NOMBRE DE PERSONAL
Nombre de persona Restak, Richard,
Fechas asociadas al nombre coaut.
905 ## - TIPO DE MATERIAL
Tipo de material Libro
Holdings
Estado de retiro Estado de pérdida Fuente del sistema de clasificación o colocación Estado dañado No para préstamo Código de colección Localización permanente Ubicación/localización actual Ubicación en estantería Total de préstamos Clasificación Código de barras Fecha visto por última vez Número de copia Tipo de ítem Koha
    Library of Congress Classification     Colección General Bib. Gregorio Torres Quintero Bib. Gregorio Torres Quintero Planta baja 4 RA776.75 M3.3 221518 31/12/2020 1 Libro